| 000 | 01210nam a22003017a 4500 | ||
|---|---|---|---|
| 003 | OSt | ||
| 005 | 20260326092337.0 | ||
| 008 | 260326b |||||||| |||| 00| 0 eng d | ||
| 020 | _a9780749386429 | ||
| 040 | _cvintage books | ||
| 041 |
_aeng. _hger. |
||
| 050 |
_aPT 2625 .M366 1952 _b .M366 1952 |
||
| 100 |
_aMann, Thomas, _d1875-1955. |
||
| 245 |
_aThe Magic Mountain : _ba novel / _cThomas Mann ; translated from the German by Helen Tracy Lowe‑Porter. |
||
| 250 | _asecond edition | ||
| 260 |
_aNew York, NY : _bVintage Books, _c1952. |
||
| 300 |
_ax, 727 pages ; _c18.5 cm |
||
| 500 | _aOriginally published as *Der Zauberberg* in 1924; translated English edition. | ||
| 520 | _aA young engineer visits a Swiss sanatorium before World War I and becomes enmeshed in a world of ideas, illness, and introspection in this classic modernist novel. | ||
| 650 |
_aSanatoriums _vFiction |
||
| 650 |
_aBildungsromans _vFiction |
||
| 650 |
_a Social life and customs _vFiction |
||
| 650 |
_aIntellectual life _vFiction |
||
| 655 |
_2lcgft _aLiterary fiction. |
||
| 700 |
_aLowe‑Porter, Helen Tracy, _e translator. |
||
| 710 |
_aVintage Books (Firm) _e publisher. |
||
| 942 |
_2lcc _cBK _e2nd ed. _n0 |
||
| 999 |
_c10006 _d10006 |
||